| 000 | 00533nam a22002057a 4500 | ||
|---|---|---|---|
| 005 | 20140607043556.0 | ||
| 008 | 090202s2009 nyua 001 0 eng | ||
| 020 | _a9780071614818 | ||
| 024 | 0 | _ceng | |
| 080 | _a174.4 | ||
| 100 | 1 | _aHolzner, Steven. | |
| 245 | 1 | 0 |
_aSmall business web sites made easy / _cSteven Holzner. |
| 250 | _a1 st.ed.; | ||
| 260 |
_aNew York : _bMcGraw-Hill, _c2009. |
||
| 300 |
_a264 f. : _bme il.; _c20 cm. |
||
| 500 | _aIndex f. 249-264 | ||
| 650 | 0 | _aBiznesi | |
| 650 | 0 | _aTeknologjia | |
| 942 |
_2udc _cBK |
||
| 999 |
_c485 _d485 |
||